The Press in India An Overview (Record no. 1086)
[ view plain ]
| 000 -LEADER | |
|---|---|
| fixed length control field | 00244nam a22000857a 4500 |
| 008 - FIXED-LENGTH DATA ELEMENTS--GENERAL INFORMATION | |
| fixed length control field | 160629b xxu||||| |||| 00| 0 eng d |
| 100 ## - MAIN ENTRY--PERSONAL NAME | |
| 9 (RLIN) | 1324 |
| Personal name | Bhargava, G.S |
| 245 ## - TITLE STATEMENT | |
| Title | The Press in India An Overview |
| 260 ## - PUBLICATION, DISTRIBUTION, ETC. (IMPRINT) | |
| Place of publication, distribution, etc. | New Delhi |
| Name of publisher, distributor, etc. | National Book Trust |
| Date of publication, distribution, etc. | 2005 |
| Withdrawn status | Lost status | Source of classification or shelving scheme | Damaged status | Not for loan | Home library | Current library | Date acquired | Total Checkouts | Full call number | Barcode | Date last seen | Price effective from | Koha item type |
|---|---|---|---|---|---|---|---|---|---|---|---|---|---|
| Dewey Decimal Classification | Good Samaritan School Library | Good Samaritan School Library | 06/29/2016 | 080 | BHA2066 | 06/29/2016 | 06/29/2016 | BOOK |